000 00436nam a2200169Ia 4500
008 251210s2023 xx 000 0 und d
020 _a9788131257845
041 _aeng
082 _a573. KAN
100 _aKannan, I
245 _aApplied microbiology and infection control practices for nurses
250 _a2nd ed.
260 _aNew Delhi
_bElesiver
_c2023
300 _a337p
365 _cRS
650 _aMicrobiology and biology
999 _c64206
_d64206